Mod et nyt kriminologisk samfundsbillede

Saved in:  
Bibliographic Details
Main Author: Balvig, Flemming (Author)
Format: Print Book
Language:Danish
Published: [s.l.] Jurist- og Økonombundets Forl. 19XX-
In:Year: 1990
Availability in Tübingen:Present in Tübingen.
UB: KB 18 A 8163
Check availability: HBZ Gateway
Subito Delivery Service: Order now.
Volumes / Articles:Show volumes/articles.

MARC

LEADER 00000cam a2200000 ca4500
001 109498843X
003 DE-627
005 20220514144413.0
007 tu
008 910725n19uuuuuuxx ||||| 00| ||dan c
035 |a (DE-627)109498843X 
035 |a (DE-576)02498843X 
035 |a (DE-599)BSZ02498843X 
040 |a DE-627  |b ger  |c DE-627  |e rakwb 
041 |a dan 
100 1 |a Balvig, Flemming  |4 aut 
190 |j 1990 
245 1 0 |a Mod et nyt kriminologisk samfundsbillede 
264 1 |a [s.l.]  |b Jurist- og Økonombundets Forl.  |c 19XX- 
336 |a Text  |b txt  |2 rdacontent 
337 |a ohne Hilfsmittel zu benutzen  |b n  |2 rdamedia 
338 |a Band  |b nc  |2 rdacarrier 
500 |a Text dän 
951 |a MC 
ELC |b 1 
LOK |0 000 xxxxxcx a22 zn 4500 
LOK |0 001 2168623473 
LOK |0 003 DE-627 
LOK |0 004 109498843X 
LOK |0 005 20151029131032 
LOK |0 008 910725||||||||||||||||ger||||||| 
LOK |0 040   |a DE-21  |c DE-627  |d DE-21 
LOK |0 852   |a DE-21 
LOK |0 852 1  |c KB 18 A 8163  |9 00 
LOK |0 935   |a krim 
LOK |0 939   |a 25-07-91  |b l01 
ORI |a SA-MARC-krimdoka001.raw 
SIG |a UB: KB 18 A 8163 
SPR |a 1  |t KRI